000 00802nam a22002177a 4500
008 081201t xxu||||| |||| 00| 0 eng d
010 _aENG-91917
020 _a9788172734305
_c200.00
035 _aEN-75450
037 _bDBAD / PUB
040 _adpl
_bEnglish
082 _a808.066
100 _aGopalkrishanan, P.N.
245 _aPrecis, paraphrase and summary /
_cby P.N. Gopalkrishnan
260 _aDelhi
_bAuthorspress
_c2008
270 _aE-35/103, Jawahar Park, Laxmi Nagar,
_bDelhi
_e110092
300 _avi, 88p.
_c23cm (Hb)
650 _aAbstracting.
942 _2ddc
_cEN
_mGOP
_h808.066
999 _c19325
_d19325